[Event "POL-ch (Women)"]
[Site "Swieradow"]
[Date "1992.??.??"]
[Round "9"]
[White "Sadkiewicz, Joanna"]
[Black "Dabrowska, Krystyna"]
[Result "0-1"]
[WhiteElo "2185"]
[BlackElo "2220"]
[PlyCount "104"]
[EventDate "1992.??.??"]
[EventType "tourn"]
[EventRounds "13"]
[EventCountry "POL"]
[SourceTitle "EXT 2002"]
[Source "ChessBase"]
[SourceDate "2001.11.25"]
[SourceVersion "1"]
[SourceVersionDate "2001.11.25"]
[SourceQuality "1"]

1. e4 e5 2. Nf3 Nc6 3. Bb5 g6 4. c3 a6 5. Ba4 d6 6. d4 Bd7 7. 0-0 Bg7 8. Bg5 Nge7 9. dxe5 dxe5 10. Qe2 h6 11. Be3 b6 12. Rd1 Qc8 13. Na3 0-0 14. h3 Be6 15. Bb3 Bxb3 16. axb3 a5 17. Qc4 Rd8 18. Nb5 Rd7 19. Nh2 Qe8 20. Rxd7 Qxd7 21. Ng4 g5 22. Qe2 Nd8 23. Rd1 Qc6 24. Qc4 Ne6 25. Qxc6 Nxc6 26. Bc1 Rd8 27. Rxd8+ Ncxd8 28. Be3 Nb7 29. f3 f6 30. Kf1 Kf7 31. Ke2 Bf8 32. Nf2 Bc5 33. Nd3 Bxe3 34. Kxe3 Ke7 35. g3 c6 36. Na3 b5 37. Nb1 Nbc5 38. Nxc5 Nxc5 39. Nd2 Ne6 40. Kf2 h5 41. Ke2 h4 42. gxh4 Nf4+ 43. Kd1 gxh4 44. Nf1 Kf7 45. Ne3 Kg6 46. Nf5 Kg5 47. Ke1 Nxh3 48. Kf1 Nf4 49. Ne7 c5 50. c4 bxc4 51. bxc4 Nd3 52. Nc6 a4 0-1